Feelz--lil peep - Statistics

General Stats
  • This quiz has been taken 295 times
  • The average score is 241 of 376
Answer Stats
% Correct
I
99%
you
99%
a
97%
the
97%
The
97%
love
96%
and
95%
And
95%
back
95%
my
95%
My
95%
when
94%
heart
93%
it
92%
summer
92%
to
92%
but
90%
me
88%
frozen
86%
in
86%
In
86%
winter,
86%
It's
85%
your
85%
Your
85%
is
84%
got
83%
not
83%
war
83%
liver
82%
up
82%
fuck
81%
never
78%
warmin'
77%
give
76%
her
75%
She
74%
would
73%
Would
73%
deliver
72%
knife
72%
kinda
71%
creepy,
70%
you've
70%
orders
68%
put
68%
little
63%
leave
62%
at
59%
could
56%
mama
56%
alone
55%
mad
55%
such
53%
be
52%
I'm
50%
mine
50%
moment
50%
donna
48%
prima-
48%
she's
48%
where
47%
for
46%
on
46%
will
45%
floor?
41%
Know
41%
know
41%
home,
40%
home
40%
ever
39%
right
39%
You're
39%
feelin'
36%
reason
36%
beatin'
35%
They
35%
kill
33%
I'll
32%
out
32%
naughty
31%
of
31%
are
30%
don't
30%
Don't
30%
fuckin'
30%
say
30%
take
30%
Take
30%
angel
28%
body
28%
dyin'
28%
like
28%
mean
28%
always
27%
life
27%
Wherever
27%
explore
26%
pray
26%
higher
25%
secrets
25%
there
25%
hidden
24%
power
24%
wish
24%
as
23%
have
23%
Next
23%
features,
22%
lyin'
22%
here
21%
angle
19%
only
19%
option
19%
this
19%
Baby,
18%
cabin
17%
choice
17%
every
17%
Palestine
17%
window
17%
with
17%
til
16%
deadly
15%
mildew
15%
mind,
15%
through
15%
Watchin'
15%
whip
15%
zone
15%
inside
14%
been
13%
deepest
13%
lovin'
13%
promise
13%
bayou
12%
darkest
12%
find
12%
adore
11%
corners
11%
someone
11%
concoction
10%
I'd
10%
parents
10%
then
10%
fathom
9%
hormone
9%
that's
9%
want
9%
dishonest
8%
hide,
8%
boots
7%
Quakin'
7%
comin'
6%
didn't
6%
I've
6%
level
6%
nowhere
6%
Unless
6%
waken
6%
everything
4%
gone
4%
No matching quizzes found
Score Distribution
Percent of People with Each Score
Percentile by Number Answered
Your Score History
You have not taken this quiz